LEADER 01519nam a2200277 i 4500 001 000000040013 003 CaOOAMICUS 005 20140304000000.0 008 140304s1993 be u000 u fre u 013 $a11171 020 $a2-503-50339-X 040 $aSeMil$bita 100 1 $aSicard, Patrice,$d<1951- >.$0(OLS)http://semarc/name/164 245 10$aDiagrammes médiévaux et exégèse visuelle :$ble Libellus de formatione arche de Hugues de Saint-Victor /$cPatrice Sicard. 260 $aParis ; Turnhout :$bBrepols,$ccopyr. 1993. 300 $aVIII, 303 p., [8] p. di tav. ;$c25 cm. 490 0 $aBibliotheca Victorina : subsidia ad historiam canonicorum regularium investigandam ;$v4. 500 $aContiene : Appeendices ; Bibliographie. - In mezzo al front : Cet ouvrage a reçu le Prix Jean et Maurice de Pange Ouvrage publié avec le concours du Centre National de la Recherche Scientifique. 650 4$aSpiritualità.$0(OLS)http://semarc/subject/5428 650 4$aTeologia - Medioevo.$0(OLS)http://semarc/subject/4293 830 0$aBibliotheca Victorina ;$v4.$0(OLS)http://semarc/title/421039 850 $aSeMil 852 $aSeMil$W1$xVenegono$y1$m2IA F 4$j228285$B6168$CSeMilBibl$Z2$F6168 $81 996 $6020$a2-503-50339-X$9(OLS)http://semarc/number/9950 996 $6245$aDiagrammes médiévaux et exégèse visuelle :$ble Libellus de formatione arche de Hugues de Saint-Victor$9(OLS)http://semarc/title/57294 996 $6260$aParis ; Turnhout :$bBrepols$9(OLS)http://semarc/publisher/29705 LEADER 01079nam a2200253 i 4500 001 000000070890 003 CaOOAMICUS 005 20080922000000.0 008 080922s1975 it u000 u ita u 013 $a42062 040 $aSeMil$bita 245 10$aTeatro e prose varie /$ctraduzioni di Stefano Rosso-Mazzinghi ... [et al.]. 300 $aLVI, 1007 p., [1] c. di ritratto. 490 0 $aI classici contemporanei stranieri 500 $aFondo Ciprandi. 700 1 $aRosso Mazzinghi, Stefano.$0(OLS)http://semarc/name/35279 700 1 $aLawrence, David Herbert <1885-1930>.$0(OLS)http://semarc/name/1545 773 0 $aLawrence, David Herbert <1885-1930>$tTutte le opere di D.H. Lawrence.$d[Milano] : Arnoldo Mondadori Editore, [196?]$gVolume11$w()1703 830 2$aI classici contemporanei stranieri.$0(OLS)http://semarc/title/14180 850 $aSeMil 852 $aSeMil$W1$xVenegono$y1$m1W III 264$j231797$B37043$CSeMilBibl$Z2$F37046 $81 941 1 $a1 961 $aOmaggio: Ciprandi dott. Paolo 996 $6245$aTeatro e prose varie$9(OLS)http://semarc/title/113908